000 00890nas a2200289 4500
001 BR0801514
003 BR-BrBNA
005 20231205111718.0
007 ta
008 230509b bl.|||p| |||| 00| 00por d
040 _aBR-BrBNA
_bpor
_cBiblioteca Nacional de Agricultura
041 _a(Pt)
072 _aL40; L60; L10
100 1 _aMaia, V.C.
245 1 _aDescrição de imaturos de quatro espécies de Asphondyliini neotropicais e nota taxonômica sobre Asphondylia Maytenuse Maia Couri (Diptera, cecidomyiidae)
650 _aRIO DE JANEIRO
650 _aRESTINGA
650 _aINSETO
650 _aMOSQUITO
650 _aVARIEDADE
650 _aANATOMIA
650 _aTAXONOMIA
650 _aCECIDEA
773 0 _tRevista Brasileira de Zoologia (Brazil)
_xISSN 0101-8175
_g(Sep 1999)
_wBR0801514
909 _a202311
_bLúcia
_c55
_dLúcia Elande
942 _2AGRIS
_n0
_cANA
999 _c194094
_d194094